Pokémon de Sacha - Mort Subite - Statistiques

Statistiques générales
  • Ce quiz a été pris 2 637 fois
    120 depuis la dernière actualisation
  • Le résultat moyen est 9 sur 20
Answers on the Grid
Answers color-coded by a green-red scale on the quiz's grid according to % correct below.
Pikachu
Grotadmorv
Poussifeu
Crapustule
Bruyverne
Dedenne
Chenipan
Krabboss
Papinox
Ectoplasma
Pifeuil
Mustébouée
Lougaroc
Typhlosion
Psykokwak
Hydragon
Tiboudet
Étourvol
Kaiminus
Brutalibré
Vémini
Ronflex
Arcanin
Dunaja
Amphinobi
Quartermac
Griknot
Carabaffe
Mucuscule
Baggiguane
Iguolta
Géolithe
Zorua
Solochi
Goélise
Bulbizarre
 
Statistiques - réponses
Réponse % Correct
Pikachu
69%
Amphinobi
60%
Bulbizarre
58%
Mustébouée
53%
Ronflex
50%
Krabboss
49%
Chenipan
44%
Étourvol
44%
Kaiminus
44%
Lougaroc
44%
Brutalibré
43%
Grotadmorv
43%
Bruyverne
42%
Ectoplasma
42%
Baggiguane
39%
Griknot
39%
Géolithe
38%
Mucuscule
38%
Hydragon
33%
Vémini
31%
Aucun quiz correspondant
Distribution des résultats
% des personnes avec chaque résultat
Percentile par nombre de réponses
Votre historique - résultats
Vous n’avez pas pris ce quiz depuis la dernière actualisation